Quizzes
Events
Quiz Creation
Community
Videos
Private Events
Remove Ads
Sign In
Join for FREE
Feedback
Dark Mode
Quiz Categories
Sports
Geography
Music
Movies
Television
Just For Fun
Miscellaneous
History
Literature
Language
Science
Gaming
Entertainment
Religion
Holiday
For Kids
Quiz Lab
Recent
Popular Today
Quiz Kudos Today
Editor Picks
Curator Picks
Quizzes by...
Day
Popularity
Type
Ratings
Length
Year
Community
Subscriptions
Recent Discussions
Orange Saloon
Badges
Playlists
Quests
Create
Leaderboards
Showdown
Live 5
Trivia Bingo
Activity
Puzzle Library
Sporcle Events
Private Events
Virtual Trivia
Globe League
Become a Host
Pub Owners
SporcleCon
Opinionation
Our Games
Videos
Blog
Mobile Apps
Partnerships
Remove Ads and Go Orange
Feedback
Sports
Athletes
MLB
NBA
NHL
NFL
Soccer
Sports Teams
WWE
NCAA
Football
Premier League
Basketball
Baseball
Hockey
Golf
Tennis
Cricket
Rugby
Auto Racing
Olympics
World Cup
Sports
Athletes
MLB
NBA
NHL
NFL
Soccer
Sports Teams
WWE
NCAA
Football
Premier League
Basketball
Baseball
Hockey
Golf
Tennis
Cricket
Rugby
Auto Racing
Olympics
World Cup
Random Quiz
Search Sporcle
×
Quiz Lab
Quiz Lab
Sports
NFL
Type in answers that appear in a list
Type in answers that appear in a list
Classic
Best Score? Go Orange.
First overall draft picks Stats
Can you name the first player drafted by each NFL team?
By
blazingqb
12m
32 Questions
25 Plays
25 Plays
25 Plays
Comments
Comments
Give Quiz Kudos
Give Quiz Kudos
-
- Ratings
hide this ad
More Info
Replay
Link that replays current quiz
Next Quiz
Link to next quiz in quiz playlist
You Got
0%
They Got
Avg Score
16%
Avg Friend Score
Upgrade to see
Score Distribution
Jump to the score distribution portion of the page
Score
0/32
Timer
12:00
0
Plays Today
Team
Pick
% Correct
Houston Texans(2002)
David Carr
72%
Carolina Panthers(1995)
Kerry Collins
48%
New York Giants(1936)
Art Lewis
44%
Tampa Bay Buccaneers(1976)
Lee Roy Selmon
44%
Cincinnatti Bengals(1968)
Bob Johnson
36%
Miami Dolphins(1967)
Bob Griese
32%
Baltimore Ravens(1996)
Jonathan Ogden
28%
Jacksonville Jaguars(1995)
Tony Boselli
28%
Atlanta Falcons(1966)
Tommy Nobis
24%
Kansas City Chiefs(1970)
Sid Smith
24%
Washington Redskins(1937)
Sammy Baugh
24%
Dallas Cowboys(1961)
Bob Lilly
20%
Minnesota Vikings(1961)
Tommy Mason
20%
New England Patriots(1971)
Jim Plunkett
16%
St. Louis Rams(1995)
Kevin Carter
16%
Denver Broncos(1967)
Floyd Little
12%
Team
Pick
% Correct
Oakland Raiders(1995)
Napoleon Kaufman
12%
Philadelphia Eagles(1936)
Jay Berwanger
12%
Tennessee Titans(1999)
Jevon Kearse
8%
Chicago Bears(1936)
Joe Stydahar
4%
Arizona Cardinals(1994)
Jamir Miller
0%
Buffalo Bills(1970)
John Pitts
0%
Cleveland Browns(1950)
Ken Carpenter
0%
Detroit Lions(1936)
Sid Wagner
0%
Green Bay Packers(1936)
Russ Letlow
0%
Indianapolis Colts(1984)
Paul Bergmann
0%
New Orleans Saints(1967)
Leslie Kelly
0%
New York Jets(1967)
Paul Seiler
0%
Pittsburgh Steelers(1940)
Kay Eakin
0%
San Diego Chargers(1970)
Walker Gillette
0%
San Francisco 49ers(1950)
Leo Nomellini
0%
Seattle Seahawks(1976)
Steve Niahaus
0%
Quiz Playlist
Details
Report
Send in Message
Add To Playlist
More Info:
The picks are for current teams. Teams that have changed locations arent included.
Classic:
Type in answers that appear in a list
Quiz Source
Last Updated: Feb 16, 2017
Quiz Scoreboard
CHALLENGE
Sign Up to Join the Scoreboard
Show All
Scores
Hide
Comments
May contain spoilers
Recently Published
Movies - When Are They Set?
by FPL_Elf
Movies
5m
Popular People in 1961
by mucciniale
History
6m
1-10 Letter E Words III
by El_Dandy
Language
2m
More to Explore
Quiz From the Vault
Featured Blog Post
Where Did the Easter Bunny Come From?
hide this ad
You Might Also Like...
Tags
NFL Quiz
Draft
Overall
Player
team
Today's Top Quizzes in Sports
Browse Sports
hide this ad
Today's Top Quizzes in NFL
Browse NFL
Top Contributed Quizzes in Sports
1
Les meilleurs buteurs des matchs entre le PSG et l’OM
2
Les entraîneurs de l'OM et du PSG au 21e siècle
3
FIFA Club World Cup Champions
4
2022 World Cup Stars
5
Name the Premier League winners with different clubs
6
La finale Lions - Afrique du Sud 2021
7
Criteria MLB: Left Handed Sluggers
8
Players with Multiple 50 Home Run Seasons
9
MLB Players with Two .350 Batting Average Seasons
10
MLB Hall of Famer by Rings
Explore More
Trending Topics
NBA
Anime
Marvel
Harry Potter
Kpop
Crossword
Disney
Pokémon
Puzzle
The Office
Country
WWE
Song
Soccer
NFL
hide this ad
More By:
blazingqb
Quiz
Plays
Rating
Category
Featured
Created
Classic Whose Line is it Anyway quotes (US)
1,280
2.50
Television
Jun 16, 2011
Welcome to the Jungle (Clicky-oke)
666
3.20
Music
Sep 1, 2013
University of South Florida opponents since 2001
160
4.00
Sports
Nov 26, 2011
Bands that have Replaced their Lead Singers
137
4.67
Music
Aug 7, 2013
NCAA teams who haven't made the tourney
109
2.00
Sports
Nov 24, 2011
Go to Creator's Profile
Score Distribution
Quiz Creator Spotlight
blazingqb
Follow
Send a Message
Quizzes Created
-
Created Quiz Play Count
-
More By This Creator
Popular Quizzes Today
1
Find the US States - No Outlines Minefield
2
Find the Countries of Europe - No Outlines Minefield
3
The Countries of the World
4
Popular People in 1961
5
1-10 Letter E Words III
6
US States
7
Find the US States
8
One Thing in Common: World Cities II
More Sports Quizzes
Ajax A to Z
Quiz Lab
Trending Quizzes
Risky Map Clicking: Least Populous States A-Z
1-10 Letter F Words
1-10 Letter G Words
One Thing in Common: United Kingdom
Risky Map Clicking: Next State Alphabetically
Recently Updated
Leaping Animals
pecheneg
Reality TV Shows (A-Z)
bhenderson79
Rickey Henderson's Hall of Fame Teammates
pecheneg
Champions League XIs: Arsenal
pecheneg
Quick Pick: Celebrities in WWE's Hall of Fame
aduchscher
A-Z Keypad Blitz II
pecheneg
Multiple Oscar Actors
pecheneg
Mystery Phrase Blitz: Oscar 'Best Actors'
pecheneg
F. Scott Fitzgerald Novels
LTH
Pick 3 Villains
ddd62291
Trending Topics
Disney
Kpop
NBA
Anime
Marvel
Harry Potter
Crossword
The Office
Song
Soccer
WWE
Country
NFL
Puzzle
Pokémon
Your Account Isn't Verified!
In order to create a playlist on Sporcle, you need to verify the email address you used during registration. Go to your
Sporcle Settings
to finish the process.
Report this User
Report this user for behavior that violates our
Community Guidelines
.
Details:
Send Report
Go to the Sporcle.com Mobile Site →
Comments